000 00639nam a2200181Ia 4500
008 151018s9999 xx 000 0 und d
082 _bRBASDV35682
_a891.463
100 _aचारुशीला भिडे
245 _aराणी घरासी येईना कैसी
250 _b1
260 _bराजश्री
_c2002
300 _a150
600 _aचारुशीला भिडे
630 _aराणी घरासी येईना कैसी
700 _aचारुशीला भिडे
730 _aराणी घरासी येईना कैसी
942 _cBOOK
999 _c1035157
_d1035154